Condicionantes del desarrollo de la democracia en América Latina: el papel de la mujer indígena
Spremljeno u:
| Glavni autor: | |
|---|---|
| Format: | Tekst |
| Izdano: |
Barcelona:
Universidad de Barcelona
|
| Oznake: |
Dodaj oznaku
Bez oznaka, Budi prvi tko označuje ovaj zapis!
|
MARC
| LEADER | 00000 a a2200000 04500 | ||
|---|---|---|---|
| 001 | 25200 | ||
| 003 | |||
| 040 | |||
| 090 | |a 180200 | ||
| 100 | |a Buxó I Rey, María Jesús | ||
| 245 | |a Condicionantes del desarrollo de la democracia en América Latina: el papel de la mujer indígena | ||
| 260 | |a Barcelona: |b Universidad de Barcelona | ||
| 300 | |a 16 p. | ||
| 999 | |c 5078 |d 5078 | ||
